Αντιλήψεις εκπαιδευτικών πρωτοβάθμιας εκπαίδευσης της νήσου Ρόδος ως προς τη δομή και λειτουργία των Κέντρων Περιβαλλοντικής Εκπαίδευσης (Κ.Π.Ε.) : το παράδειγμα του Κ.Π.Ε. Πεταλούδων ; διπλωματική εργασία [μεταπτυχιακή εργασία]
Αποθηκεύτηκε σε:
| Κύριος συγγραφέας: | |
|---|---|
| Συγγραφή απο Οργανισμό/Αρχή: | |
| Μορφή: | Thesis Βιβλίο |
| Γλώσσα: | Greek |
| Δημοσίευση: |
2016.
|
| Θέματα: | |
| Διαθέσιμο Online: | http://hdl.handle.net/11610/22391 |
| Ετικέτες: |
Προσθήκη ετικέτας
Δεν υπάρχουν, Καταχωρήστε ετικέτα πρώτοι!
|
MARC
| LEADER | 00000cam a2200000 a 4500 | ||
|---|---|---|---|
| 001 | 1/112214 | ||
| 008 | 161018s2016####gr | ||| |||| ||gre|| | ||
| 040 | |a GR-MyUa |b gre |c GR-MyUa |e AACR2 | ||
| 041 | 0 | |a gre | |
| 082 | 7 | |a 372.357 |2 (23) | |
| 100 | 1 | |a Κώστας, Κωνσταντίνος. | |
| 245 | 1 | 0 | |a Αντιλήψεις εκπαιδευτικών πρωτοβάθμιας εκπαίδευσης της νήσου Ρόδος ως προς τη δομή και λειτουργία των Κέντρων Περιβαλλοντικής Εκπαίδευσης (Κ.Π.Ε.) : |b το παράδειγμα του Κ.Π.Ε. Πεταλούδων ; διπλωματική εργασία [μεταπτυχιακή εργασία] / |c Κώστας Κωνσταντίνος ; επιβλέπων καθηγητής : Μόγιας Αθανάσιος. |
| 260 | |c 2016. | ||
| 300 | |a 103 σ. : |b πίν. ; |c 30 εκ. | ||
| 500 | |a Μέλη εξεταστικής επιτροπής: Ανδρεαδάκης Νικόλαος, Παπαβασιλείου Βασίλειος. | ||
| 502 | |a Διατριβή (μεταπτυχιακή) – Πανεπιστήμιο Αιγαίου, Ρόδος, 2016. | ||
| 504 | |a Βιβλιογραφία: σ. 89-91. | ||
| 506 | 1 | |a Πλήρες κείμενο - Ενδοπανεπιστημιακή δημοσίευση. | |
| 650 | 0 | |a Environmental education |z Greece |z Rhodes (Island) | |
| 650 | 0 | |a Butterflies |z Greece |z Rhodes (Island) | |
| 650 | 0 | |a Environmental education |x Activity programs |z Greece |z Rhodes (Island) | |
| 650 | 0 | |a Nature observation. | |
| 650 | 0 | |a Teachers |x Attitudes |x Case studies. | |
| 650 | 0 | |a Environmental education |x Activity programs |x Case studies. | |
| 650 | 0 | |a Environmental education |z Greece |z Rhodes (Island) | |
| 700 | 0 | |a Μόγιας, Αθανάσιος, |e dgs | |
| 710 | 2 | |a Πανεπιστήμιο Αιγαίου |b Σχολή Ανθρωπιστικών Επιστημών |b Τμήμα Επιστημών της Προσχολικής Αγωγής και του Εκπαιδευτικού Σχεδιασμού |b Πρόγραμμα Μεταπτυχιακών Σπουδών Περιβαλλοντική Εκπαίδευση. | |
| 852 | |a INST |b RHODES |c DIATR |e 20161018 |h 372.357 ΚΩΣ |p 005400038859 |q 005400038859 |t MTXE |y 23 | ||
| 856 | |u http://hdl.handle.net/11610/22391 | ||
| 924 | |a Κώστας |b Κωνσταντίνος |y Ρόδος |z 2016-06 | ||
| 970 | |z 18-10-2016 | ||